000 00238nam a2200097Ia 4500
008 190216s9999||||xx |||||||||||||| ||und||
100 _aLakshmikutty Amma
245 0 _a"Griha Shashthram Vol I,Ii"
260 _bBhasha Institute
942 _cBK
999 _c40461
_d40461